Development Finance Planning and Control (Record no. 521491)

000 -LEADER
fixed length control field 00263nam a22000977a 4500
082 ## - DEWEY DECIMAL CLASSIFICATION NUMBER
Classification number TNC !9 H529d
100 ## - MAIN ENTRY--PERSONAL NAME
Personal name Hicks, K Ursula
9 (RLIN) 35369
245 ## - TITLE STATEMENT
Title Development Finance Planning and Control
Statement of responsibility, etc by Ursula, K . Hicks
260 ## - PUBLICATION, DISTRIBUTION, ETC. (IMPRINT)
Place of publication, distribution, etc Madras
Name of publisher, distributor, etc Oxford
Date of publication, distribution, etc 1965
300 ## - PHYSICAL DESCRIPTION
Extent 187p.
Holdings
Withdrawn status Lost status Source of classification or shelving scheme Damaged status Koha normalized classification for sorting Not for loan Permanent location Current location Date acquired Full call number Barcode Date last seen Price effective from Koha item type
        TNC_9_H529D   Indian Institute of Public Administration Indian Institute of Public Administration 2023-02-09 TNC !9 H529d GR23260 2023-02-09 2023-02-09 GR

Powered by Koha